[Event "FIDE World Rapid-ch Open 2018"]
[White "Carlsen, Magnus"]
[Black "Amonatov, Farrukh"]
[Site "St. Petersburg"]
[Round "10.1"]
[Annotator "TA"]
[Result "1-0"]
[Date "2018.12.27"]
[WhiteElo "2835"]
[BlackElo "2614"]
[PlyCount "69"]

1. d4 {} Nf6 2. Nf3 g6 3. Nbd2 Bg7 4. e4 d6 5. Bb5+ (5. Bd3 0-0 6. 0-0 Nc6 7. c3 e5 8. dxe5 Nxe5 9. Nxe5 dxe5 10. Nc4 Qe7 11. Qe2 Rd8 12. Rd1 Bg4 13. f3 Be6 14. Be3 Ne8 15. Na5 c6 16. b4 Nd6 17. Nc4 Nxc4 18. Bxc4 b6 {1-0 (40) Xiong,J (2651)-Vachier Lagrave,M (2780) chess.
com INT 2018} )c6 6. Bd3 {B07: Pirc Defence: Miscellaneous Systems} 0-0 7. 0-0 Qc7 8. Re1 e5 9. c3 Nbd7 10. a4 {LiveBook: 7 Games} b6 $146 ({Predecessor:
} 10... Re8 11. Nc4 h6 12. Bc2 Bf8 13. h3 {1/2-1/2 (49) Roussel,M (1587)-Adyel,
S (2076) Rouen 2016} )11. Nf1 Bb7 12. h3 Rfe8 13. Ng3 a6 14. Bg5 h6 15. Bd2 b5 16. b4 Nb6 17. a5 Nbd7 18. Qc1 Kh7 19. c4 Rac8 20. dxe5 dxe5 21. Be3 Qb8 22. Rd1 Nf8 23. Bb6 N6d7 {[#]} (23... Ne6 $16 )24. c5 $1 $18 Ne6 25. Bb1 Nd4 26. Ra3 Nf8 $2 (26... Re7 27. Nxd4 exd4 )27. Nxd4 exd4 28. f4 Re7 29. e5 Rce8 30. Ne4 Ne6 31. Nd6 Nxf4 (31... Bc8 $142 32. f5 Bxe5 33. fxe6 (33. Nxe8 Nf4 $16 )Bxe6 )32. Qxf4 { [#] Double Attack. White is clearly winning.} Bxe5 33. Qf2 Bxd6 34. cxd6 Qxd6 35. Bc5 { Skewer. Accuracy: White =
69%, Black = 31%.} 1-0

[Event "FIDE World Rapid-ch Open 2018"]
[White "Yu, Yangyi"]
[Black "Artemiev, Vladislav"]
[Site "St. Petersburg"]
[Round "10.2"]
[Annotator "RC"]
[Result "1/2-1/2"]
[Date "2018.12.27"]
[WhiteElo "2764"]
[BlackElo "2709"]
[PlyCount "25"]
[TimeControl "900+10"]

1. d4 {[%emt 0:0:0]} Nf6 {[%emt 0:0:0]} 2. c4 {[%emt 0:0:0]} g6 {[%emt 0:0:0]} 3. Nc3 {[%emt 0:0:0]} d5 {[%emt 0:0:0]} 4. cxd5 {[%emt 0:0:0]} Nxd5 {[%emt 0:0:0]} 5. e4 {[%emt 0:0:0]} Nxc3 {[%emt 0:0:0]} 6. bxc3 {[%emt 0:0:0]
} Bg7 {[%emt 0:0:0]} 7. Nf3 {[%emt 0:0:9]} c5 {[%emt 0:0:1]
} 8. Be3 {[%emt 0:0:5]} 0-0 {[%emt 0:0:8]} 9. Be2 {[%emt 0:1:14]} b6 {[%emt 0:0:7]
} 10. Rc1 {[%emt 0:0:14]} e6 {[%emt 0:0:23]} 11. 0-0 {[%emt 0:0:0]} Bb7 {[%emt 0:0:3]} 12. Qd3 {[%emt 0:0:11]} Nd7 {[%emt 0:0:55]} 13. Bg5 {[%emt 0:0:6]} 1/2-1/2

[Event "FIDE World Rapid-ch Open 2018"]
[White "Wang, Hao"]
[Black "Nepomniachtchi, Ian"]
[Site "St. Petersburg"]
[Round "10.3"]
[Annotator "TA"]
[Result "1/2-1/2"]
[Date "2018.12.27"]
[WhiteElo "2730"]
[BlackElo "2763"]
[PlyCount "39"]

1. e4 {} c5 2. Nf3 d6 3. Bb5+ Nd7 4. 0-0 a6 5. Bxd7+ Bxd7 6. d4 cxd4 7. Qxd4 e5 8. Qd3 h6 9. a4 {
B51: Sicilian: Moscow Variation (3 Bb5+) without 3...Bd7} (9. c4 b5 10. Nfd2 Nf6 11. Nc3 Qb8 12. a4 bxa4 13. Nxa4 Be7 14. Nc3 0-0 15. b3 Bc6 16. Ba3 a5 {
0-1 (40) Bologan,V (2695)-Topalov,V (2751) Eilat 2012} )Nf6 10. a5 Be7 11. c4 b5 12. axb6 Qxb6 13. Nc3 0-0 {LiveBook: 3 Games} 14. Be3 Qb7 15. h3 Rfc8 16. Nd2 Be6 $146 ({Predecessor:} 16... Rc6 )17. Rfb1 a5 18. b3 Ra6 19. Ra2 Bd7 20. Rba1 1/2-1/2

[Event "FIDE World Rapid-ch Open 2018"]
[White "Matlakov, Maxim"]
[Black "Mamedyarov, Shakhriyar"]
[Site "St. Petersburg"]
[Round "10.4"]
[Annotator "RC"]
[Result "1-0"]
[Date "2018.12.27"]
[WhiteElo "2700"]
[BlackElo "2817"]
[PlyCount "65"]
[TimeControl "900+10"]

1. d4 {[%emt 0:0:0]} Nf6 {[%emt 0:0:0]} 2. c4 {[%emt 0:0:0]} b6 {[%emt 0:0:0]} 3. f3 {[%emt 0:0:0]} Bb7 {[%emt 0:0:5]} 4. e4 {[%emt 0:0:4]} e6 {[%emt 0:0:4]
} 5. Nc3 {[%emt 0:0:15]} d5 {[%emt 0:0:7]} 6. cxd5 {[%emt 0:0:0]} exd5 {[%emt 0:0:1]} 7. e5 {[%emt 0:0:1]} Nfd7 {[%emt 0:0:1]} 8. f4 {[%emt 0:0:9]} c5 {[%emt 0:0:1]} 9. Nf3 {[%emt 0:0:20]} Nc6 {[%emt 0:0:0]} 10. Be3 {[%emt 0:0:27]} cxd4 {[%emt 0:0:41]} 11. Nxd4 {[%emt 0:0:8]
} Bc5 {[%emt 0:0:2]} 12. Bb5 {[%emt 0:3:14]} Nxd4 {[%emt 0:1:33]} 13. Bxd4 {[%emt 0:0:3]} 0-0 {[%emt 0:0:6]} 14. 0-0 {[%emt 0:0:16]} Rc8 {[%emt 0:0:0]} 15. Qd2 {[%emt 0:2:29]} a6 {[%emt 0:1:49]} 16. Be2 {[%emt 0:0:15]} b5 {[%emt 0:0:58]
} 17. Bf3 {[%emt 0:1:27]} Bxd4+ {[%emt 0:0:44]} 18. Qxd4 {[%emt 0:0:2]
} Rc4 {[%emt 0:0:4]} 19. Qa7 {[%emt 0:2:9]} d4 {[%emt 0:0:0]} 20. Qxb7 {[%emt 0:0:3]} dxc3 {[%emt 0:0:2]} 21. bxc3 {[%emt 0:0:3]} Nc5 {[%emt 0:2:6]} 22. Qd5 {[%emt 0:0:4]} Qa5 {[%emt 0:0:28]} 23. Rad1 {[%emt 0:1:6]
} Qxc3 {[%emt 0:0:18]} 24. f5 {[%emt 0:0:2]} Qe3+ {[%emt 0:0:0]} 25. Kh1 {[%emt 0:0:3]} Ne4 {[%emt 0:1:3]} 26. e6 {[%emt 0:1:10]} Nf6 {[%emt 0:1:47]} 27. exf7+ {[%emt 0:0:5]} Rxf7 {[%emt 0:0:1]} 28. Qa8+ {[%emt 0:0:19]
} Rf8 {[%emt 0:0:2]} 29. Qxa6 {[%emt 0:0:16]} Qc5 {[%emt 0:0:0]} 30. Be2 {[%emt 0:1:47]} Rb4 {[%emt 0:0:50]} 31. Qe6+ {[%emt 0:0:4]} Kh8 {[%emt 0:0:1]} 32. Rc1 {[%emt 0:0:5]} Qa7 {[%emt 0:0:44]} 33. Qd6 {[%emt 0:0:10]
} 1-0

[Event "FIDE World Rapid-ch Open 2018"]
[White "Svidler, Peter"]
[Black "Andreikin, Dmitry"]
[Site "St. Petersburg"]
[Round "10.5"]
[Annotator "RC"]
[Result "0-1"]
[Date "2018.12.27"]
[WhiteElo "2737"]
[BlackElo "2719"]
[PlyCount "58"]
[TimeControl "900+10"]

1. Nf3 {[%emt 0:0:0]} Nf6 {[%emt 0:0:0]} 2. c4 {[%emt 0:0:0]} b6 {[%emt 0:0:5]
} 3. g3 {[%emt 0:0:10]} Bb7 {[%emt 0:0:2]} 4. Bg2 {[%emt 0:0:0]} g6 {[%emt 0:0:7]} 5. 0-0 {[%emt 0:0:7]} c5 {[%emt 0:0:14]} 6. e3 {[%emt 0:1:25]
} Bg7 {[%emt 0:0:19]} 7. d4 {[%emt 0:0:1]} 0-0 {[%emt 0:0:56]
} 8. Nc3 {[%emt 0:0:30]} Ne4 {[%emt 0:0:10]} 9. Ne2 {[%emt 0:0:14]} Nc6 {[%emt 0:1:22]
} 10. Nf4 {[%emt 0:2:55]} e6 {[%emt 0:1:10]} 11. Re1 {[%emt 0:0:0]} f5 {[%emt 0:2:23]} 12. d5 {[%emt 0:0:47]} exd5 {[%emt 0:0:17]} 13. Nxd5 {[%emt 0:0:3]} Ne7 {[%emt 0:1:29]} 14. Nf4 {[%emt 0:1:4]} Qc7 {[%emt 0:0:55]
} 15. a4 {[%emt 0:1:2]} g5 {[%emt 0:0:55]} 16. Nh5 {[%emt 0:0:0]} g4 {[%emt 0:0:33]} 17. Nh4 {[%emt 0:0:26]} Ng6 {[%emt 0:0:3]} 18. Nxg7 {[%emt 0:0:31]} Nxh4 {[%emt 0:1:14]} 19. gxh4 {[%emt 0:0:41]} Kxg7 {[%emt 0:0:2]
} 20. Qc2 {[%emt 0:1:13]} Rf6 {[%emt 0:0:19]} 21. b3 {[%emt 0:0:0]} Rh6 {[%emt 0:0:17]} 22. Bb2+ {[%emt 0:0:1]} Kf7 {[%emt 0:3:15]} 23. Bxe4 {[%emt 0:0:20]} Bxe4 {[%emt 0:0:2]} 24. Qc3 {[%emt 0:0:0]} Rg8 {[%emt 0:0:34]
} 25. a5 {[%emt 0:0:2]} Qxh2+ {[%emt 0:0:43]} 26. Kxh2 {[%emt 0:0:2]
} Rxh4+ {[%emt 0:0:1]} 27. Kg3 {[%emt 0:0:6]} Rh3+ {[%emt 0:0:0]} 28. Kf4 {[%emt 0:0:1]} Rf3+ {[%emt 0:0:2]} 29. Ke5 {[%emt 0:0:1]} Rg6 {[%emt 0:0:1]} 0-1

[Event "FIDE World Rapid-ch Open 2018"]
[White "Korobov, Anton"]
[Black "Gelfand, Boris"]
[Site "St. Petersburg"]
[Round "10.6"]
[Annotator "ChessBase"]
[Result "1/2-1/2"]
[Date "2018.12.27"]
[WhiteElo "2698"]
[BlackElo "2673"]
[PlyCount "41"]
[TimeControl "900+10"]

1. d4 {[%emt 0:0:0]} Nf6 {[%emt 0:0:0]} 2. c4 {[%emt 0:0:0]} e6 {[%emt 0:0:0]} 3. Nf3 {[%emt 0:0:0]} d5 {[%emt 0:0:0]} 4. Nc3 {[%emt 0:0:0]} c6 {[%emt 0:0:0]} 5. e3 {[%emt 0:0:0]} Nbd7 {[%emt 0:0:0]} 6. a3 {[%emt 0:0:0]} Bd6 {[%emt 0:0:6]} 7. Bd3 {[%emt 0:0:1]} 0-0 {[%emt 0:0:24]} 8. 0-0 {[%emt 0:0:13]} h6 {[%emt 0:1:36]} 9. Bd2 {[%emt 0:1:43]} Re8 {[%emt 0:0:0]} 10. Qc2 {[%emt 0:2:24]} dxc4 {[%emt 0:0:48]} 11. Bxc4 {[%emt 0:0:2]
} e5 {[%emt 0:0:0]} 12. dxe5 {[%emt 0:2:24]} Nxe5 {[%emt 0:0:4]} 13. Nxe5 {[%emt 0:0:2]} Bxe5 {[%emt 0:0:2]} 14. h3 {[%emt 0:0:40]} Bf5 {[%emt 0:0:0]} 15. Qxf5 {[%emt 0:0:25]} Qxd2 {[%emt 0:0:1]} 16. Rab1 {[%emt 0:0:1]} Qd7 {[%emt 0:0:43]} 17. Qc2 {[%emt 0:0:52]} Rad8 {[%emt 0:0:33]} 18. Rfd1 {[%emt 0:0:17]
} Qe7 {[%emt 0:0:4]} 19. Ne2 {[%emt 0:0:28]} Rxd1+ {[%emt 0:0:0]} 20. Rxd1 {[%emt 0:0:2]} Rd8 {[%emt 0:0:1]} 21. Rxd8+ {[%emt 0:0:0] Bd6} 1/2-1/2

[Event "FIDE World Rapid-ch Open 2018"]
[White "Oparin, Grigoriy"]
[Black "Giri, Anish"]
[Site "St. Petersburg"]
[Round "10.7"]
[Annotator "RC"]
[Result "1/2-1/2"]
[Date "2018.12.27"]
[WhiteElo "2613"]
[BlackElo "2783"]
[PlyCount "50"]
[TimeControl "900+10"]

1. Nf3 {[%emt 0:0:0]} d5 {[%emt 0:0:0]} 2. g3 {[%emt 0:0:0]} g6 {[%emt 0:0:0]} 3. Bg2 {[%emt 0:0:0]} Bg7 {[%emt 0:0:0]} 4. d4 {[%emt 0:0:0]} Nf6 {[%emt 0:0:0]} 5. 0-0 {[%emt 0:0:1]} 0-0 {[%emt 0:0:0]} 6. c4 {[%emt 0:0:0]} c6 {[%emt 0:0:11]} 7. b3 {[%emt 0:0:38]} dxc4 {[%emt 0:0:9]} 8. bxc4 {[%emt 0:0:1]} c5 {[%emt 0:0:4]} 9. Bb2 {[%emt 0:0:10]} cxd4 {[%emt 0:0:4]
} 10. Nxd4 {[%emt 0:0:3]} Qb6 {[%emt 0:0:14]} 11. Qc1 {[%emt 0:2:3]
} Bd7 {[%emt 0:0:2]} 12. Nd2 {[%emt 0:1:36]} Nc6 {[%emt 0:0:0]} 13. N2b3 {[%emt 0:0:6]} Nxd4 {[%emt 0:1:13]} 14. Bxd4 {[%emt 0:0:3]} Qc7 {[%emt 0:0:2]} 15. c5 {[%emt 0:2:54]} Bc6 {[%emt 0:1:24]} 16. Bxc6 {[%emt 0:0:15]
} Qxc6 {[%emt 0:0:1]} 17. Rb1 {[%emt 0:0:6]} Qa4 {[%emt 0:0:0]} 18. Qb2 {[%emt 0:2:3]} Rfd8 {[%emt 0:0:4]} 19. e3 {[%emt 0:0:44]} Rac8 {[%emt 0:1:52]} 20. Nd2 {[%emt 0:1:1]} Rc7 {[%emt 0:2:33]} 21. Rfc1 {[%emt 0:2:9]
} h5 {[%emt 0:0:56]} 22. h4 {[%emt 0:1:10]} Qd7 {[%emt 0:0:50]
} 23. Nf3 {[%emt 0:0:33]} Qf5 {[%emt 0:0:22]} 24. Ng5 {[%emt 0:0:33]} Rcd7 {[%emt 0:1:5]
} 25. Qc2 {[%emt 0:0:24]} Qxc2 {[%emt 0:4:20]} 1/2-1/2

[Event "FIDE World Rapid-ch Open 2018"]
[White "Firouzja, Alireza"]
[Black "Dubov, Daniil"]
[Site "St. Petersburg"]
[Round "10.8"]
[Annotator "ChessBase"]
[Result "0-1"]
[Date "2018.12.27"]
[WhiteElo "2607"]
[BlackElo "2703"]
[PlyCount "100"]
[TimeControl "900+10"]

1. Nf3 {[%emt 0:0:0]} Nf6 {[%emt 0:0:11]} 2. g3 {[%emt 0:0:4]} g6 {[%emt 0:0:8]
} 3. Bg2 {[%emt 0:0:3]} Bg7 {[%emt 0:0:2]} 4. c4 {[%emt 0:0:0]} 0-0 {[%emt 0:0:18]} 5. Nc3 {[%emt 0:0:23]} c5 {[%emt 0:0:12]} 6. d4 {[%emt 0:0:12]
} d6 {[%emt 0:0:2]} 7. 0-0 {[%emt 0:0:17]} Nc6 {[%emt 0:0:2]
} 8. dxc5 {[%emt 0:1:1]} dxc5 {[%emt 0:0:2]} 9. Bf4 {[%emt 0:0:2]} Nh5 {[%emt 0:1:23]
} 10. Bg5 {[%emt 0:2:2]} h6 {[%emt 0:0:39]} 11. Be3 {[%emt 0:0:0]} Be6 {[%emt 0:0:16]} 12. Qc1 {[%emt 0:0:38]} Kh7 {[%emt 0:0:13]} 13. Rd1 {[%emt 0:2:16]} Qa5 {[%emt 0:0:49]} 14. Nd5 {[%emt 0:2:49]} Rac8 {[%emt 0:2:29]
} 15. Nd2 {[%emt 0:0:3]} b6 {[%emt 0:0:39]} 16. a3 {[%emt 0:0:0]} Qa6 {[%emt 0:0:18]} 17. h3 {[%emt 0:2:30]} Rfd8 {[%emt 0:0:36]} 18. g4 {[%emt 0:0:19]} Bxd5 {[%emt 0:1:8]} 19. Bxd5 {[%emt 0:0:15]} Nf6 {[%emt 0:0:16]
} 20. Bg2 {[%emt 0:0:55]} Nd4 {[%emt 0:0:18]} 21. Bxd4 {[%emt 0:0:41]
} cxd4 {[%emt 0:0:27]} 22. Qc2 {[%emt 0:0:9]} Rc7 {[%emt 0:0:0]} 23. Rac1 {[%emt 0:0:15]} Qc8 {[%emt 0:0:24]} 24. Ne4 {[%emt 0:0:3]} Nd5 {[%emt 0:0:34]} 25. c5 {[%emt 0:1:27]} bxc5 {[%emt 0:1:54]} 26. Nxc5 {[%emt 0:0:11]
} Nf4 {[%emt 0:0:16]} 27. b4 {[%emt 0:0:6]} d3 {[%emt 0:1:34]
} 28. exd3 {[%emt 0:0:3]} Bd4 {[%emt 0:0:1]} 29. Qd2 {[%emt 0:0:28]} Nxg2 {[%emt 0:1:11]} 30. Kxg2 {[%emt 0:0:4]} Bxc5 {[%emt 0:0:2]} 31. bxc5 {[%emt 0:0:15]
} Rxc5 {[%emt 0:0:1]} 32. Qf4 {[%emt 0:0:29]} Kg7 {[%emt 0:0:0]} 33. d4 {[%emt 0:0:11]} Qb7+ {[%emt 0:0:26]} 34. Kh2 {[%emt 0:0:2]} Rcd5 {[%emt 0:0:44]} 35. Rc7 {[%emt 0:0:26]} Qb8 {[%emt 0:0:1]} 36. Qg3 {[%emt 0:0:3]
} e5 {[%emt 0:0:51]} 37. Rc4 {[%emt 0:0:29]} Qb5 {[%emt 0:0:0]} 38. Rb4 {[%emt 0:0:7]} Qd7 {[%emt 0:0:23]} 39. Rc1 {[%emt 0:0:1]} exd4 {[%emt 0:0:11]} 40. Rc7 {[%emt 0:0:2]} Qe6 {[%emt 0:0:2]} 41. Rbb7 {[%emt 0:0:16]
} R8d7 {[%emt 0:0:32]} 42. Rxa7 {[%emt 0:0:24]} Rxc7 {[%emt 0:0:0]} 43. Rxc7 {[%emt 0:0:7]} d3 {[%emt 0:0:2]} 44. Rc1 {[%emt 0:0:11]} d2 {[%emt 0:0:10]} 45. Rd1 {[%emt 0:0:10]} Qe2 {[%emt 0:0:8]} 46. Qg1 {[%emt 0:0:10]
} Rd3 {[%emt 0:0:23]} 47. a4 {[%emt 0:0:3]} Qe5+ {[%emt 0:0:0]} 48. Kh1 {[%emt 0:0:18]} Qe4+ {[%emt 0:0:19]} 49. Qg2 {[%emt 0:0:5]} Rxh3+ {[%emt 0:0:7]} 50. Kg1 {[%emt 0:0:2]} Qe2 {[%emt 0:0:4]} 0-1

[Event "FIDE World Rapid-ch Open 2018"]
[White "Salem, A.R. Saleh"]
[Black "Nakamura, Hikaru"]
[Site "St. Petersburg"]
[Round "10.9"]
[Annotator "RC"]
[Result "1/2-1/2"]
[Date "2018.12.27"]
[WhiteElo "2660"]
[BlackElo "2746"]
[PlyCount "61"]
[TimeControl "900+10"]

1. e4 {[%emt 0:0:0]} e5 {[%emt 0:0:0]} 2. Nf3 {[%emt 0:0:0]} Nc6 {[%emt 0:0:0]
} 3. Bb5 {[%emt 0:0:0]} Nf6 {[%emt 0:0:0]} 4. d3 {[%emt 0:0:0]} Bc5 {[%emt 0:0:0]} 5. c3 {[%emt 0:0:0]} 0-0 {[%emt 0:0:0]} 6. 0-0 {[%emt 0:0:1]
} d5 {[%emt 0:0:5]} 7. exd5 {[%emt 0:0:6]} Qxd5 {[%emt 0:0:0]} 8. Bc4 {[%emt 0:0:3]} Qd6 {[%emt 0:0:17]} 9. b4 {[%emt 0:0:7]} Bb6 {[%emt 0:0:1]
} 10. Nbd2 {[%emt 0:0:3]} Bf5 {[%emt 0:0:23]} 11. Qc2 {[%emt 0:1:34]
} Rad8 {[%emt 0:0:29]} 12. a4 {[%emt 0:6:24]} a5 {[%emt 0:0:0]} 13. b5 {[%emt 0:0:44]} Ne7 {[%emt 0:0:8]} 14. Qb3 {[%emt 0:2:48]} Ng6 {[%emt 0:4:28]} 15. Ba3 {[%emt 0:0:1]} Bc5 {[%emt 0:0:1]} 16. Bxc5 {[%emt 0:0:2]
} Qxc5 {[%emt 0:0:1]} 17. d4 {[%emt 0:0:1]} exd4 {[%emt 0:0:0]} 18. cxd4 {[%emt 0:0:2]} Qd6 {[%emt 0:0:24]} 19. Rfe1 {[%emt 0:0:1]} Nf4 {[%emt 0:0:18]} 20. Re5 {[%emt 0:0:14]} Bg6 {[%emt 0:1:55]} 21. Rae1 {[%emt 0:0:3]
} Qb4 {[%emt 0:0:8]} 22. g3 {[%emt 0:2:28]} Ne6 {[%emt 0:0:0]} 23. Qxb4 {[%emt 0:2:1]} axb4 {[%emt 0:0:2]} 24. Nb3 {[%emt 0:0:1]} Nd7 {[%emt 0:1:51]} 25. R5e3 {[%emt 0:0:5]} Nb6 {[%emt 0:0:2]} 26. Bxe6 {[%emt 0:0:8]
} fxe6 {[%emt 0:0:1]} 27. Ng5 {[%emt 0:1:2]} Nd5 {[%emt 0:0:0]} 28. R3e2 {[%emt 0:0:8]} Nc3 {[%emt 0:0:8]} 29. Re3 {[%emt 0:0:43]} Nd5 {[%emt 0:0:24]} 30. R3e2 {[%emt 0:0:2]} Nc3 {[%emt 0:0:24]} 31. Re3 {[%emt 0:0:1]
} 1/2-1/2

[Event "FIDE World Rapid-ch Open 2018"]
[White "Motylev, Alexander"]
[Black "Karjakin, Sergey"]
[Site "St. Petersburg"]
[Round "10.10"]
[Annotator "RC"]
[Result "1/2-1/2"]
[Date "2018.12.27"]
[WhiteElo "2644"]
[BlackElo "2753"]
[PlyCount "49"]
[TimeControl "900+10"]

1. e4 {[%emt 0:0:0]} e5 {[%emt 0:0:0]} 2. Nf3 {[%emt 0:0:10]} Nc6 {[%emt 0:0:10]
} 3. Nc3 {[%emt 0:0:10]} Nf6 {[%emt 0:0:10]} 4. d4 {[%emt 0:0:0]} exd4 {[%emt 0:0:10]} 5. Nxd4 {[%emt 0:0:10]} Bb4 {[%emt 0:0:10]} 6. Nxc6 {[%emt 0:0:10]} bxc6 {[%emt 0:0:10]} 7. Bd3 {[%emt 0:0:10]} 0-0 {[%emt 0:0:10]
} 8. 0-0 {[%emt 0:0:10]} d5 {[%emt 0:0:10]} 9. Bd2 {[%emt 0:0:0]} Rb8 {[%emt 0:0:53]} 10. Re1 {[%emt 0:0:10]} Re8 {[%emt 0:0:31]} 11. a3 {[%emt 0:0:30]} Bf8 {[%emt 0:1:51]} 12. b4 {[%emt 0:0:28]} h6 {[%emt 0:0:0]} 13. h3 {[%emt 0:0:17]} dxe4 {[%emt 0:1:3]} 14. Nxe4 {[%emt 0:0:18]} Nxe4 {[%emt 0:0:10]} 15. Bxe4 {[%emt 0:1:43]} c5 {[%emt 0:0:10]} 16. Bf4 {[%emt 0:1:19]
} Qxd1 {[%emt 0:2:34]} 17. Raxd1 {[%emt 0:0:10]} Bb7 {[%emt 0:0:0]} 18. Bxb7 {[%emt 0:3:26]} Rxe1+ {[%emt 0:0:10]} 19. Rxe1 {[%emt 0:0:0]} Rxb7 {[%emt 0:0:10]} 20. Re8 {[%emt 0:0:10]} cxb4 {[%emt 0:0:10]} 21. axb4 {[%emt 0:0:10]} Rxb4 {[%emt 0:2:26]} 22. Bxc7 {[%emt 0:0:32]} Rd4 {[%emt 0:0:10]
} 23. Ra8 {[%emt 0:2:0]} f6 {[%emt 0:0:11]} 24. Rxa7 {[%emt 0:0:0]} Rc4 {[%emt 0:0:20]} 25. Bb6 {[%emt 0:0:42]} 1/2-1/2

[Event "FIDE World Rapid-ch Open 2018"]
[White "Duda, Jan-Krzysztof"]
[Black "Harikrishna, Pentala"]
[Site "St. Petersburg"]
[Round "10.11"]
[Annotator "RC"]
[Result "1/2-1/2"]
[Date "2018.12.27"]
[WhiteElo "2738"]
[BlackElo "2725"]
[PlyCount "173"]
[TimeControl "900+10"]

1. c4 {[%emt 0:0:0]} e5 {[%emt 0:0:0]} 2. Nc3 {[%emt 0:0:0]} Nf6 {[%emt 0:0:0]
} 3. Nf3 {[%emt 0:0:0]} Nc6 {[%emt 0:0:2]} 4. e3 {[%emt 0:0:0]} Bb4 {[%emt 0:0:7]} 5. Qc2 {[%emt 0:0:1]} Bxc3 {[%emt 0:0:2]} 6. Qxc3 {[%emt 0:0:2]} Qe7 {[%emt 0:0:9]} 7. d4 {[%emt 0:0:3]} Ne4 {[%emt 0:0:0]} 8. Qd3 {[%emt 0:0:10]} exd4 {[%emt 0:0:48]} 9. Nxd4 {[%emt 0:0:3]} 0-0 {[%emt 0:1:2]} 10. Be2 {[%emt 0:0:10]} Qb4+ {[%emt 0:1:13]} 11. Kf1 {[%emt 0:0:3]
} Nxd4 {[%emt 0:1:4]} 12. Qxd4 {[%emt 0:0:37]} Qe7 {[%emt 0:0:0]} 13. f3 {[%emt 0:1:5]} Nc5 {[%emt 0:0:2]} 14. Bd2 {[%emt 0:0:9]} d6 {[%emt 0:0:13]} 15. Bc3 {[%emt 0:0:17]} f5 {[%emt 0:0:22]} 16. Kf2 {[%emt 0:0:36]
} a5 {[%emt 0:0:56]} 17. Rhe1 {[%emt 0:0:54]} Bd7 {[%emt 0:0:0]} 18. b3 {[%emt 0:0:31]} Bc6 {[%emt 0:0:6]} 19. Bf1 {[%emt 0:1:4]} b6 {[%emt 0:0:6]
} 20. Kg1 {[%emt 0:0:18]} Rae8 {[%emt 0:0:3]} 21. Rab1 {[%emt 0:0:37]
} Qg5 {[%emt 0:0:48]} 22. Qf4 {[%emt 0:0:20]} Qxf4 {[%emt 0:0:0]} 23. exf4 {[%emt 0:0:2]} Rxe1 {[%emt 0:0:1]} 24. Bxe1 {[%emt 0:0:2]} Re8 {[%emt 0:1:14]} 25. Kf2 {[%emt 0:0:5]} g6 {[%emt 0:0:9]} 26. Bd2 {[%emt 0:0:5]
} Kf7 {[%emt 0:0:3]} 27. Be2 {[%emt 0:0:9]} Re7 {[%emt 0:0:0]} 28. Be3 {[%emt 0:0:11]} Re8 {[%emt 0:0:14]} 29. Rb2 {[%emt 0:0:23]} Ra8 {[%emt 0:0:24]} 30. Rd2 {[%emt 0:0:12]} Re8 {[%emt 0:0:13]} 31. Bd1 {[%emt 0:0:4]
} Rd8 {[%emt 0:0:42]} 32. a3 {[%emt 0:3:2]} Ne6 {[%emt 0:0:0]} 33. Be2 {[%emt 0:1:26]} d5 {[%emt 0:1:47]} 34. cxd5 {[%emt 0:0:33]} Rxd5 {[%emt 0:0:16]} 35. Bc4 {[%emt 0:0:32]} Rxd2+ {[%emt 0:0:13]} 36. Bxd2 {[%emt 0:0:2]} Bd7 {[%emt 0:1:5]} 37. Ke3 {[%emt 0:0:12]} Ke7 {[%emt 0:0:0]} 38. Bc3 {[%emt 0:0:17]} a4 {[%emt 0:0:34]} 39. b4 {[%emt 0:0:11]} b5 {[%emt 0:0:2]
} 40. Bd3 {[%emt 0:1:11]} c6 {[%emt 0:0:5]} 41. Be5 {[%emt 0:0:0]} Nd8 {[%emt 0:0:10]} 42. h3 {[%emt 0:0:3]} Bc8 {[%emt 0:1:49]} 43. g4 {[%emt 0:0:47]} Bd7 {[%emt 0:0:1]} 44. Bd4 {[%emt 0:1:34]} Nb7 {[%emt 0:0:0]} 45. Bb6 {[%emt 0:1:34]} Ke6 {[%emt 0:0:39]} 46. Bb1 {[%emt 0:0:47]} Nd6 {[%emt 0:0:15]} 47. Kd4 {[%emt 0:0:22]} Nc4 {[%emt 0:0:8]} 48. Ba2 {[%emt 0:0:3]
} Kd6 {[%emt 0:0:11]} 49. Bc5+ {[%emt 0:0:14]} Kc7 {[%emt 0:0:0]} 50. Bxc4 {[%emt 0:0:23]} bxc4 {[%emt 0:0:6]} 51. Kxc4 {[%emt 0:0:13]} Be6+ {[%emt 0:0:41]} 52. Kd4 {[%emt 0:0:2]} Bb3 {[%emt 0:0:1]} 53. Ke5 {[%emt 0:0:7]
} Bc2 {[%emt 0:0:6]} 54. Ke6 {[%emt 0:0:52]} Bd3 {[%emt 0:0:0]} 55. h4 {[%emt 0:0:50]} Kd8 {[%emt 0:0:21]} 56. Kf6 {[%emt 0:0:24]} Ke8 {[%emt 0:0:4]} 57. g5 {[%emt 0:0:13]} Be2 {[%emt 0:0:14]} 58. h5 {[%emt 0:0:0]} gxh5 {[%emt 0:0:3]} 59. Kg7 {[%emt 0:0:9]} h4 {[%emt 0:0:36]} 60. Kxh7 {[%emt 0:0:3]} h3 {[%emt 0:0:0]} 61. Bg1 {[%emt 0:0:1]} Ke7 {[%emt 0:0:15]
} 62. g6 {[%emt 0:0:27]} Bxf3 {[%emt 0:0:0]} 63. Bh2 {[%emt 0:0:0]} Bd5 {[%emt 0:0:4]} 64. g7 {[%emt 0:0:5]} Kd6 {[%emt 0:0:24]} 65. Kg6 {[%emt 0:0:14]} Bg8 {[%emt 0:0:11]} 66. Kxf5 {[%emt 0:0:5]} c5 {[%emt 0:0:13]
} 67. bxc5+ {[%emt 0:0:14]} Kxc5 {[%emt 0:0:1]} 68. Ke5 {[%emt 0:0:10]
} Kc6 {[%emt 0:0:4]} 69. Kd4 {[%emt 0:0:10]} Bb3 {[%emt 0:0:0]} 70. Kc3 {[%emt 0:0:12]} Kd7 {[%emt 0:0:9]} 71. Kb4 {[%emt 0:0:5]} Ke7 {[%emt 0:0:14]} 72. g8=Q {[%emt 0:0:10]} Bxg8 {[%emt 0:0:2]} 73. Kxa4 {[%emt 0:0:1]
} Kd7 {[%emt 0:0:20]} 74. Kb5 Kc7 75. f5+ {[%emt 0:0:32]} Kb7 {[%emt 0:0:2]
} 76. f6 {[%emt 0:0:2]} Bf7 {[%emt 0:0:1]} 77. a4 {[%emt 0:0:0]} Ka8 {[%emt 0:0:2]} 78. Kb6 {[%emt 0:0:3]} Be6 {[%emt 0:0:1]} 79. Kc7 {[%emt 0:0:8]} Bf7 {[%emt 0:0:2]} 80. Kd6 {[%emt 0:0:1]} Ba2 {[%emt 0:0:1]
} 81. Ke7 {[%emt 0:0:1]} Bb3 {[%emt 0:0:2]} 82. f7 {[%emt 0:0:0]} Bxf7 {[%emt 0:0:1]} 83. Kxf7 Kb7 84. Kg6 {[%emt 0:0:2]} Ka6 {[%emt 0:0:1]
} 85. Kg5 {[%emt 0:0:1]} Ka5 {[%emt 0:0:1]} 86. Kg4 {[%emt 0:0:0]} Kxa4 {[%emt 0:0:0]} 87. Kxh3 {[%emt 0:0:1]} 1/2-1/2